| 000 | 00568nam a2200193Ia 4500 | ||
|---|---|---|---|
| 003 | GCL | ||
| 008 | 140319s9999 xx 000 0 ara d | ||
| 040 |
_aGCL / _cGCL |
||
| 082 | 0 | 4 |
_a759 _bك م |
| 100 | 1 | _aكامل زهيرى | |
| 245 | 1 | 0 |
_aمصر فرنسا افاق مشتركة / _cكامل زهيرى |
| 300 |
_a228 ص ؛ _c40 سم |
||
| 650 | 0 | 4 | _aالفنانون |
| 650 | 0 | 4 | _aاللوحات الفنية |
| 650 | 0 | 4 | _aالتصوير - تاريخ |
| 650 | 0 | 4 | _aاللوحات المصورة |
| 650 | 0 | 4 | _aاللوحات - مجموعات |
| 942 |
_2ddc _cBK |
||
| 999 |
_c5663 _d5663 |
||